U.S. Cities With The Highest Percentage of Black People - Statistics

General Stats
  • This quiz has been taken 265 times
  • The average score is 14 of 25
Answer Stats
Reigon Percent Black Population City % Correct
Southeast 46.7% 498,715 Atlanta
93%
Midwest 77.7% 639,111 Detroit
87%
Southeast 61.2% 633,104 Memphis
80%
Southeast 58.1% 383,997 New Orleans
80%
Southeast 62.4% 585,708 Baltimore
72%
Midwest 43.0% 301,578 St. Louis
72%
Midwest 47.5% 372,624 Cleveland
70%
Southeast 68.2% 200,733 Birmingham
67%
Northeast 38.3% 1,603,797 Philadelphia
67%
Southeast 41.4% 689,545 Washington D.C.
65%
Midwest 41.4% 309,513 Cincinnati
61%
Southeast 45.8% 206,922 Columbus
57%
Midwest 37.8% 577,222 Milwaukee
57%
Southeast 53.5% 227,470 Baton Rouge
56%
Southeast 60.0% 200,603 Montgomery
54%
Southeast 40.2% 202,591 Little Rock
48%
Northeast 48.2% 311,549 Newark
44%
Southeast 40.0% 226,610 Richmond
43%
Northeast 36.9% 278,349 Buffalo
39%
Southeast 55.2% 202,081 Augusta
29%
Southeast 41.4% 299,035 Greensboro
28%
Southeast 35.8% 283,506 Durham
25%
Southeast 39.3% 238,005 Norfolk
25%
Northeast 38.0% 211,328 Rochester
24%
Southeast 41.8% 208,501 Fayetteville
18%
No matching quizzes found
Score Distribution
Percent of People with Each Score
Percentile by Number Answered
Your Score History
You have not taken this quiz